منظر کا ا نجما د (Record no. 92935)

MARC details
000 -LEADER
fixed length control field 00655nam a22002177a 4500
005 - DATE AND TIME OF LATEST TRANSACTION
control field 20150413163019.0
008 - FIXED-LENGTH DATA ELEMENTS--GENERAL INFORMATION
fixed length control field 140714b xxu||||| |||| 00| 0 Urdu d
010 ## - LCCN (DPL NO)
LC control number UR-8813
020 q# - INTERNATIONAL STANDARD BOOK NUMBER
Terms of availability 200.00
035 ## - SYSTEM CONTROL NUMBER
System control number U-7368
037 ## - SOURCE OF ACQUISITION
Source of stock number/acquisition DBAD/Pub.
040 ## - CATALOGING SOURCE
Original cataloging agency DPL
Language of cataloging Urdu
082 ## - DEWEY DECIMAL CLASSIFICATION NUMBER
Classification number 841
100 ## - MAIN ENTRY--PERSONAL NAME
Personal name ا عظم ر ا ہی
245 ## - TITLE STATEMENT
Title منظر کا ا نجما د
Remainder of title ا عظم ر ا ہی
246 ## - VARYING FORM OF TITLE
Title proper/short title Manzer ka Anjamad
Remainder of title By Azam Rahi
260 ## - PUBLICATION, DISTRIBUTION, ETC. (IMPRINT)
Place of publication, distribution, etc Delhi
Name of publisher, distributor, etc Edu. Publications House
Date of publication, distribution, etc 2013
270 ## - ADDRESS
Address 3108-Vakeel Street, Lal Kuan,
City Delhi
Postal code 110006
Telephone number 9985657173
300 ## - PHYSICAL DESCRIPTION
Extent 207-ص
Other physical details 22C.m.(PB)
942 ## - ADDED ENTRY ELEMENTS (KOHA)
Source of classification or shelving scheme Dewey Decimal Classification
Item type Urdu Bks
Classification part 841
Call number suffix ا ع ظ
Holdings
Withdrawn status Lost status Source of classification or shelving scheme Damaged status Not for loan Collection code Home library Current library Date acquired Source of acquisition Cost, normal purchase price Total Checkouts Full call number Barcode Date last seen Copy number Cost, replacement price Koha item type
    Dewey Decimal Classification   Not For Loan Non-fiction D.B.Act.Division D.B.Act.Division 13/04/2015 DBAD/Pub. 200.00   841 ا ع ظ U-7368 13/04/2015 1 200.00 Urdu Bks

© Delhi Public Library
Hit Counter
free hit counter